TNA Wrestling PPV Main Events - 2021-2023 - Statistics

General Stats
  • This quiz has been taken 39 times
  • The average score is 14 of 20
Answer Stats
PPV Answer % Correct
Hard to Kill 2021, Rebellion 2021, Slammiversary 2021 Kenny Omega
94%
Hard to Kill 2021, Rebellion 2021 Rich Swann
94%
Bound for Glory 2021, Rebellion 2022, Slammiversary 2022, Bound for Glory 2022), Bound for Glory 2023 Josh Alexander
90%
Hard to Kill 2021, Rebellion 2022 Moose
87%
Bound for Glory 2021 Christian Cage
81%
Hard to Kill 2022, Rebellion 2023 Deonna Purrazzo
81%
Hard to Kill 2023, Rebellion 2023 Jordynne Grace
81%
Slammiversary 2023, Multiverse United 2 (2023), Bound for Glory 2023 Alex Shelley
77%
Hard to Kill 2021, Multiverse of Matches 2022 Karl Anderson
77%
Hard to Kill 2021, Multiverse of Matches 2022 Doc Gallows
74%
Bound for Glory 2022 Eddie Edwards
74%
Hard to Kill 2022, Hard to Kill 2023 Mickie James
74%
Hard to Kill 2021 Chris Sabin
71%
Slammiversary 2022 Eric Young
68%
Slammiversary 2021 Sami Callihan
65%
Multiverse of Matches 2022 Jay Briscoe
42%
Multiverse of Matches 2022 Mark Briscoe
42%
Multiverse United 2023 Mike Bailey
42%
Slammiversary 2023 Nick Aldis
32%
Multiverse United 2023, Multiverse United 2 (2023) Hiroshi Tanahashi
29%
No matching quizzes found
Score Distribution
Percent of People with Each Score
Percentile by Number Answered
Your Score History
You have not taken this quiz